000 01040nam a22003017a 4500
001 BR2012002870
003 BR-BrBNA
005 20230928103950.0
007 ta
008 230509b bl.||||| |||| 00| 0 por d
040 _aBR-BrBNA
_bpor
_cBiblioteca Nacional de Agricultura
041 _a(Por)
072 _aP10
090 _ P10 BR2012002870
100 1 _aTeixeira, M.A.
110 1 _aCentro de Energia Nuclear na Agricultura, Piracicaba, SP (Brasil)
_0ese (Doutor em Ciências)
245 1 _aDesenvolvimento de instrumentação e procedimentos automáticos para determinação de arsênio e fluoreto em águas empregando multicomutação em fluxo e detecção fotométrica
260 3 _aPiracicaba, SP (Brasil):
_c2010.
300 _a160 p.
500 _aSummaries (Eng, Por); Bibliography p. 142-160; 10 tables; 40 illus.
650 _aÁGUA
650 _aARSÊNICO
650 _aANÁLISE QUÍMICA
650 _aLIMNOLOGIA
650 _aEQUIPAMENTO AGRÍCOLA
909 _a202309
_bLucia
_c55
_dLucia Elande
942 _cBK
999 _c77457
_d77457